[Event "Lisbon Odisseias rapid op 1st"]
[Site "Lisbon"]
[Date "2015.08.12"]
[Round "3"]
[White "Bolhari, Orfeh Iraj"]
[Black "Alexandre, Jorge"]
[Result "1/2-1/2"]
[WhiteElo "2085"]
[BlackElo "2250"]
[PlyCount "95"]
[EventDate "2015.08.13"]
[EventType "swiss (rapid)"]
[EventRounds "7"]
[EventCountry "POR"]
[SourceTitle "EXT 2018"]
[Source "ChessBase"]
[SourceDate "2017.10.13"]
[SourceVersion "1"]
[SourceVersionDate "2017.10.13"]
[SourceQuality "1"]

1. e4 e6 2. d4 c5 3. c3 cxd4 4. cxd4 d5 5. e5 Nc6 6. Nf3 Nge7 7. Bd3 Nb4 8. Be2 Nf5 9. 0-0 Be7 10. Nc3 0-0 11. a3 Nc6 12. b4 f6 13. g4 Nh6 14. exf6 Rxf6 15. g5 Rxf3 16. Bxf3 Bxg5 17. Kh1 Nf5 18. Ne2 Bf6 19. Be3 Bd7 20. Rc1 Be8 21. Bg4 Bg6 22. Rg1 Nxe3 23. fxe3 Be4+ 24. Rg2 Qe8 25. Nf4 e5 26. dxe5 Nxe5 27. Be6+ Kh8 28. Bxd5 Rd8 29. Qb3 Bxg2+ 30. Bxg2 Ng4 31. Qe6 Qxe6 32. Nxe6 Re8 33. Bxb7 h5 34. Rc8 Rxc8 35. Bxc8 Nxe3 36. a4 Nd5 37. b5 Bc3 38. Kg2 g6 39. Kf3 Nb6 40. Bb7 Nxa4 41. Be4 g5 42. Nxg5 Kg7 43. Ke3 Bf6 44. Ne6+ Kf7 45. Nf4 Be5 46. Nxh5 Bxh2 47. Bc6 Bc7 48. Nf4 1/2-1/2

[Event "Lisbon Odisseias rapid op 1st"]
[Site "Lisbon"]
[Date "2015.08.12"]
[Round "6"]
[White "Nanques, Helder Manuel Perei"]
[Black "Bolhari, Orfeh Iraj"]
[Result "0-1"]
[WhiteElo "2020"]
[BlackElo "2085"]
[PlyCount "128"]
[EventDate "2015.08.13"]
[EventType "swiss (rapid)"]
[EventRounds "7"]
[EventCountry "POR"]
[SourceTitle "EXT 2018"]
[Source "ChessBase"]
[SourceDate "2017.10.13"]
[SourceVersion "1"]
[SourceVersionDate "2017.10.13"]
[SourceQuality "1"]

1. b3 e5 2. Bb2 Nc6 3. e3 d5 4. Bb5 Bd6 5. Nf3 f6 6. d4 e4 7. Nfd2 f5 8. c4 a6 9. Ba4 Nf6 10. Nc3 Be6 11. cxd5 Nxd5 12. Bxc6+ bxc6 13. Rc1 Nb4 14. 0-0 0-0 15. Na4 Nd3 16. Rc2 Rf6 17. f4 Rh6 18. Nc5 Bd5 19. Qe2 Nb4 20. Rcc1 Nxa2 21. Ra1 Nb4 22. Bc3 Nd3 23. Nxd3 exd3 24. Qxd3 Qh4 25. Nf3 Bxf3 26. Rxf3 Qxh2+ 27. Kf2 Qh4+ 28. Ke2 Rg6 29. Qxf5 Rxg2+ 30. Kd3 Rf8 31. Qe6+ Kh8 32. d5 cxd5 33. Ra4 Rg6 34. Qd7 Qh1 35. Rf2 Qb1+ 36. Kd2 Rg1 37. Ra1 Rd1+ 38. Ke2 Qd3+ 39. Kf3 Qe4+ 40. Ke2 d4 41. Rxd1 Qxe3+ 42. Kf1 dxc3 43. Re1 Qd3+ 44. Kg2 Qg6+ 45. Kf1 c2 46. Qc6 Qh5 47. Qxc2 Qh1+ 48. Ke2 Re8+ 49. Kd2 Qxe1+ 50. Kd3 Qe3+ 51. Kc4 Re4+ 52. Kd5 Qd4+ 53. Kc6 Qb6+ 54. Kd7 Re7+ 55. Kc8 Qa7 56. Qc6 Qxf2 57. Kb7 Qb6+ 58. Qxb6 cxb6+ 59. Kc6 Bxf4 60. b4 a5 61. b5 Re6+ 62. Kd7 Rd6+ 63. Ke7 a4 64. Kf7 a3 0-1

[Event "Porto op"]
[Site "Porto"]
[Date "2015.07.18"]
[Round "8"]
[White "Sousa, Andre Ventura"]
[Black "Bolhari, Orfeh Iraj"]
[Result "1/2-1/2"]
[WhiteElo "2261"]
[BlackElo "2135"]
[PlyCount "61"]
[EventDate "2015.07.13"]
[EventType "swiss"]
[EventRounds "9"]
[EventCountry "POR"]
[SourceTitle "CBM 167 Extra"]
[Source "ChessBase"]
[SourceDate "2015.09.14"]
[SourceVersion "1"]
[SourceVersionDate "2015.09.14"]
[SourceQuality "1"]

1. e4 e5 2. Nf3 Nc6 3. d4 exd4 4. Nxd4 Nf6 5. Nxc6 bxc6 6. Qe2 Qe7 7. Nc3 Qe6 8. Nb1 Qe7 9. Nc3 Qe6 10. f3 Bc5 11. Be3 Qe7 12. Bg5 h6 13. Bf4 a5 14. Bxc7 Ba6 15. Qd2 Bxf1 16. Kxf1 d6 17. e5 dxe5 18. Bxe5 0-0 19. Re1 Rad8 20. Qc1 Rfe8 21. g3 Qd7 22. Kg2 Nd5 23. Nxd5 Qxd5 24. Bc3 Qc4 25. Rxe8+ Rxe8 26. Re1 Re2+ 27. Kh1 Bf2 28. Rd1 Bb6 29. Re1 Bf2 30. Rd1 Bb6 31. Re1 1/2-1/2

[Event "Lisbon-ch"]
[Site "Lisbon"]
[Date "2015.02.12"]
[Round "7"]
[White "Marques, Carlos Filipe Ferna"]
[Black "Bolhari, Orfeh Iraj"]
[Result "0-1"]
[WhiteElo "1852"]
[BlackElo "2141"]
[PlyCount "68"]
[EventDate "2015.01.27"]
[EventType "swiss"]
[EventRounds "7"]
[EventCountry "POR"]
[SourceTitle "CBM 164 Extra"]
[Source "ChessBase"]
[SourceDate "2015.03.02"]
[SourceVersion "1"]
[SourceVersionDate "2015.03.02"]
[SourceQuality "1"]

1. e4 c5 2. Bc4 e6 3. a3 d5 4. exd5 exd5 5. Ba2 Nc6 6. d3 Nf6 7. h3 Bd6 8. Nf3 Qe7+ 9. Qe2 Be6 10. 0-0 0-0 11. Bg5 h6 12. Bh4 g5 13. Nxg5 Nd4 14. Qd2 Bf4 15. Nxe6 Bxd2 16. Nxd4 Bg5 17. Nf3 Bxh4 18. Nxh4 Qe2 19. Bb3 c4 20. dxc4 dxc4 21. Ba2 Qxc2 22. Nf3 Rad8 23. Nc3 Qxb2 24. Na4 Qb5 25. Nc3 Qa5 26. Rfc1 Rd3 27. Ne2 Rxa3 28. Rc2 b5 29. Ne5 Re8 30. Nc6 Qb6 31. Ncd4 Nd5 32. Rb1 Qa6 33. Rxb5 Rxa2 34. Rxa2 Qxa2 0-1

[Event "Lisbon-ch"]
[Site "Lisbon"]
[Date "2015.02.04"]
[Round "4"]
[White "Sousa, Tadeu Filipe Leonar"]
[Black "Bolhari, Orfeh Iraj"]
[Result "1/2-1/2"]
[WhiteElo "1787"]
[BlackElo "2141"]
[PlyCount "114"]
[EventDate "2015.01.27"]
[EventType "swiss"]
[EventRounds "7"]
[EventCountry "POR"]
[SourceTitle "CBM 164 Extra"]
[Source "ChessBase"]
[SourceDate "2015.03.02"]
[SourceVersion "1"]
[SourceVersionDate "2015.03.02"]
[SourceQuality "1"]

1. e4 e5 2. Nf3 Nc6 3. Bb5 Nge7 4. 0-0 Ng6 5. d4 exd4 6. Nxd4 Bc5 7. Nf5 0-0 8. Qh5 d6 9. Bg5 f6 10. Be3 Bxe3 11. Nxe3 Be6 12. f4 Bf7 13. Bc4 Nd4 14. Nd2 Qe8 15. c3 Bxc4 16. Nexc4 Nc6 17. Rae1 Qf7 18. Qb5 Rab8 19. Nb3 a6 20. Qd5 Rfe8 21. Qxf7+ Kxf7 22. Nd4 d5 23. exd5 Rxe1 24. Rxe1 Nxd4 25. cxd4 Nxf4 26. d6 cxd6 27. Nxd6+ Kf8 28. g3 Nd3 29. Re3 Nxb2 30. Rb3 Na4 31. Nxb7 Ke7 32. Kf2 Rc8 33. Ra3 Rc2+ 34. Ke3 Rc3+ 35. Rxc3 Nxc3 36. a3 Na4 37. Ke4 Kd7 38. g4 Kc7 39. Na5 Nc3+ 40. Kf5 Kd7 41. Nb3 Ke7 42. Nc5 a5 43. g5 fxg5 44. Kxg5 Nb5 45. Nb3 a4 46. Nc5 Nxd4 47. Nxa4 Nf3+ 48. Kf4 Nxh2 49. Nc5 Kd6 50. Ne4+ Kd5 51. Nd2 h5 52. Kg5 Kd4 53. Kxh5 Kc3 54. Nb1+ Kb3 55. Kg6 Nf3 56. Kxg7 Nd2 57. Nxd2+ Kxa3 1/2-1/2

[Event "Lisbon Christmas op"]
[Site "Lisbon"]
[Date "2014.12.29"]
[Round "7"]
[White "Bolhari, Orfeh Iraj"]
[Black "Mestrom, Ton"]
[Result "1/2-1/2"]
[WhiteElo "2141"]
[BlackElo "1711"]
[PlyCount "34"]
[EventDate "2014.12.26"]
[EventType "swiss"]
[EventRounds "9"]
[EventCountry "POR"]
[SourceTitle "EXT 2018"]
[Source "ChessBase"]
[SourceDate "2017.10.13"]
[SourceVersion "1"]
[SourceVersionDate "2017.10.13"]
[SourceQuality "1"]

1. e4 c5 2. Nc3 e6 3. f4 d5 4. Nf3 dxe4 5. Nxe4 Nf6 6. Nf2 Be7 7. Bc4 0-0 8. 0-0 Nc6 9. a4 b6 10. d3 Bb7 11. Bd2 Qc7 12. c3 Rad8 13. Qe2 Nd5 14. Ne5 Bf6 15. Nfg4 Bxe5 16. fxe5 h5 17. Bxd5 Rxd5 1/2-1/2

[Event "Lisbon Christmas op"]
[Site "Lisbon"]
[Date "2014.12.28"]
[Round "5"]
[White "Bolhari, Orfeh Iraj"]
[Black "Aranaz Murillo, Amalia"]
[Result "0-1"]
[WhiteElo "2141"]
[BlackElo "2344"]
[PlyCount "88"]
[EventDate "2014.12.26"]
[EventType "swiss"]
[EventRounds "9"]
[EventCountry "POR"]
[SourceTitle "CBM 164 Extra"]
[Source "ChessBase"]
[SourceDate "2015.03.02"]
[SourceVersion "1"]
[SourceVersionDate "2015.03.02"]
[SourceQuality "1"]

1. e4 c6 2. d4 d5 3. e5 Bf5 4. h4 h6 5. g4 Bd7 6. Nd2 c5 7. dxc5 Nc6 8. f4 e6 9. Nb3 Bxc5 10. Nxc5 Qa5+ 11. c3 Qxc5 12. Qd3 h5 13. Be3 Qa5 14. gxh5 Rxh5 15. Nf3 Nge7 16. Bh3 a6 17. Bg4 Rh8 18. Ng5 Nd8 19. a4 Rc8 20. b4 Qc7 21. Bd4 Qc4 22. Qb1 Ng6 23. Be2 Qc7 24. Qc1 Nxh4 25. Kf2 Rh6 26. Bd3 Nc6 27. Bc5 Ne7 28. Qe3 b6 29. Bxe7 Kxe7 30. Bxa6 Nf5 31. Qf3 Qxc3 32. Qxc3 Rxc3 33. Rxh6 gxh6 34. Nh7 d4 35. a5 Rc2+ 36. Ke1 b5 37. Bb7 d3 38. Rd1 Re2+ 39. Kf1 Ne3+ 40. Kg1 Nxd1 41. Bf3 Re1+ 42. Kh2 Ne3 43. Nf6 d2 44. a6 Ra1 0-1

[Event "Lisbon Christmas op"]
[Site "Lisbon"]
[Date "2014.12.27"]
[Round "3"]
[White "Suarez Gomez, Julio"]
[Black "Bolhari, Orfeh Iraj"]
[Result "1-0"]
[WhiteElo "2368"]
[BlackElo "2141"]
[PlyCount "121"]
[EventDate "2014.12.26"]
[EventType "swiss"]
[EventRounds "9"]
[EventCountry "POR"]
[SourceTitle "CBM 164 Extra"]
[Source "ChessBase"]
[SourceDate "2015.03.02"]
[SourceVersion "1"]
[SourceVersionDate "2015.03.02"]
[SourceQuality "1"]

1. e4 e5 2. Nf3 Nc6 3. Bb5 Nf6 4. d3 Bc5 5. 0-0 d6 6. c3 0-0 7. Bg5 Qe7 8. Nbd2 Nd8 9. d4 Bb6 10. h3 Ne6 11. Be3 c6 12. Bd3 Nf4 13. Bxf4 exf4 14. Qc2 h6 15. Rfe1 Nh5 16. e5 d5 17. Bf5 Be6 18. Bg4 g6 19. Nh2 Ng7 20. Bxe6 Nxe6 21. Ng4 Kg7 22. Nf3 Rfd8 23. Rad1 Rac8 24. Nf6 Rh8 25. h4 Bd8 26. h5 Nf8 27. Qd2 g5 28. Nh2 Qe6 29. Nfg4 Qf5 30. Qe2 Ne6 31. Nf1 Be7 32. Qf3 Rhd8 33. Rd2 Qh7 34. Red1 Kf8 35. b3 Ng7 36. Ngh2 Qf5 37. Rd3 Qe4 38. Qh3 Qf5 39. Ng4 Qh7 40. c4 Ne6 41. c5 b6 42. b4 Rb8 43. cxb6 axb6 44. a3 c5 45. dxc5 bxc5 46. bxc5 Nxc5 47. Rxd5 Rxd5 48. Rxd5 Rb3 49. Nf6 Qh8 50. Rxc5 Bxc5 51. Qxb3 Kg7 52. Nd2 Qd8 53. Qc2 Bxf2+ 54. Kxf2 Qd4+ 55. Kf1 Qa1+ 56. Qb1 Qxe5 57. Nde4 f3 58. gxf3 Qh2 59. Nf2 Qf4 60. N6g4 Qxf3 61. Qb6 1-0

[Event "Coimbra op"]
[Site "Coimbra"]
[Date "2014.04.27"]
[Round "7"]
[White "Bolhari, Orfeh Iraj"]
[Black "Ferreira, Jorge Viterbo"]
[Result "0-1"]
[WhiteElo "2111"]
[BlackElo "2375"]
[PlyCount "78"]
[EventDate "2014.04.25"]
[EventType "swiss"]
[EventRounds "7"]
[EventCountry "POR"]
[SourceTitle "CBM 160 Extra"]
[Source "ChessBase"]
[SourceDate "2014.07.01"]
[SourceVersion "1"]
[SourceVersionDate "2014.07.01"]
[SourceQuality "1"]

1. e4 Nf6 2. Nc3 e5 3. f4 d5 4. exd5 Nxd5 5. Nxd5 Qxd5 6. fxe5 Nc6 7. Nf3 Bg4 8. Be2 Nxe5 9. 0-0 Bc5+ 10. Kh1 Nxf3 11. Bxf3 Bxf3 12. Qxf3 Qxf3 13. gxf3 0-0-0 14. d3 Rhe8 15. Bf4 Re2 16. Rac1 Bd4 17. Rce1 Rde8 18. Rxe2 Rxe2 19. c3 Bf6 20. Bc1 Kd7 21. Kg1 Rc2 22. a4 Ke6 23. a5 a6 24. Bf4 Rxb2 25. Bxc7 Bxc3 26. Bb6 Rb5 27. Rc1 Bxa5 28. Bd4 Bb6 29. Rc4 Bxd4+ 30. Rxd4 Rb2 31. Re4+ Kd7 32. Rh4 a5 33. Kf1 b5 34. Ke1 a4 35. Kd1 a3 36. Kc1 b4 37. Rc4 b3 38. Rc3 Kd6 39. Rc8 Rxh2 0-1

[Event "Coimbra op"]
[Site "Coimbra"]
[Date "2014.04.27"]
[Round "5"]
[White "Bolhari, Orfeh Iraj"]
[Black "Pintor, Simao Maciel Abranc"]
[Result "1-0"]
[WhiteElo "2111"]
[BlackElo "1957"]
[PlyCount "77"]
[EventDate "2014.04.25"]
[EventType "swiss"]
[EventRounds "7"]
[EventCountry "POR"]
[SourceTitle "CBM 160 Extra"]
[Source "ChessBase"]
[SourceDate "2014.07.01"]
[SourceVersion "1"]
[SourceVersionDate "2014.07.01"]
[SourceQuality "1"]

1. e4 c5 2. Nc3 Nc6 3. f4 g6 4. Nf3 Bg7 5. Bb5 Nd4 6. Bd3 e6 7. Nxd4 cxd4 8. Nb5 d6 9. c3 e5 10. cxd4 exf4 11. Qa4 Qh4+ 12. Kd1 Bg4+ 13. Kc2 Kf8 14. Qb4 Qe7 15. Rf1 a5 16. Qxd6 Qxd6 17. Nxd6 Bxd4 18. Rxf4 Nf6 19. h3 Be6 20. Kd1 Ke7 21. Nb5 Be5 22. Rf3 Rhd8 23. Nc3 a4 24. Bc2 Rac8 25. Bxa4 Nxe4 26. Nxe4 Rc4 27. Bc2 Bd5 28. Re3 Bf4 29. Re2 Be5 30. Nc3 Bxg2 31. Rxg2 f5 32. d3 f4 33. Ke2 Rc6 34. Bd2 b5 35. a3 Rf8 36. Rf1 Bxc3 37. Bxc3 Re6+ 38. Kd2 Re3 39. Bb4+ 1-0

[Event "Coimbra op"]
[Site "Coimbra"]
[Date "2014.04.27"]
[Round "6"]
[White "Pinho, Paulo Miguel"]
[Black "Bolhari, Orfeh Iraj"]
[Result "0-1"]
[WhiteElo "2233"]
[BlackElo "2111"]
[PlyCount "72"]
[EventDate "2014.04.25"]
[EventType "swiss"]
[EventRounds "7"]
[EventCountry "POR"]
[SourceTitle "CBM 160 Extra"]
[Source "ChessBase"]
[SourceDate "2014.07.01"]
[SourceVersion "1"]
[SourceVersionDate "2014.07.01"]
[SourceQuality "1"]

1. d4 d5 2. Nf3 Nf6 3. c4 c6 4. Nc3 dxc4 5. e4 b5 6. e5 Nd5 7. Ne4 Bf5 8. Ng3 Bg4 9. Be2 e6 10. 0-0 Nd7 11. h3 Bf5 12. Nxf5 exf5 13. a4 a6 14. Qc2 g6 15. axb5 cxb5 16. Ng5 h6 17. e6 hxg5 18. exd7+ Qxd7 19. Bf3 Be7 20. Re1 Kf8 21. Re5 Nb4 22. Qc3 Rd8 23. Bd2 Bd6 24. Bxg5 Rb8 25. d5 Rh7 26. Re2 Kg8 27. Bf6 Bf8 28. Qd4 Rc8 29. Rae1 Nd3 30. Re7 Bxe7 31. Rxe7 Qd6 32. Ra7 Re8 33. g3 f4 34. g4 Rxh3 35. Kg2 Rxf3 36. Kxf3 Ne1# 0-1

[Event "Coimbra op"]
[Site "Coimbra"]
[Date "2014.04.26"]
[Round "3"]
[White "Bolhari, Orfeh Iraj"]
[Black "Luch, Michal"]
[Result "0-1"]
[WhiteElo "2111"]
[BlackElo "2447"]
[PlyCount "236"]
[EventDate "2014.04.25"]
[EventType "swiss"]
[EventRounds "7"]
[EventCountry "POR"]
[SourceTitle "CBM 160 Extra"]
[Source "ChessBase"]
[SourceDate "2014.07.01"]
[SourceVersion "1"]
[SourceVersionDate "2014.07.01"]
[SourceQuality "1"]

1. e4 c5 2. Nc3 a6 3. f4 b5 4. Nf3 Bb7 5. d3 e6 6. Be2 d5 7. 0-0 b4 8. Na4 dxe4 9. Ng5 Nf6 10. dxe4 Qxd1 11. Rxd1 h6 12. e5 Nd5 13. Nh3 Bc6 14. b3 Bxa4 15. bxa4 Nc6 16. Bb2 Nb6 17. Bf3 Rc8 18. Rab1 Nxa4 19. Ba1 Nd4 20. Bb7 Rb8 21. Be4 Rb6 22. Rd2 Be7 23. Nf2 Nb5 24. Bd3 c4 25. Bxc4 Na3 26. Bb3 Nxb1 27. Bxa4+ Kf8 28. Rd7 Nc3 29. Rc7 g5 30. Bxc3 bxc3 31. Nd3 gxf4 32. Rxc3 Kg7 33. Rc7 Bd8 34. Rd7 Rb1+ 35. Kf2 Bb6+ 36. Kf3 Be3 37. Bb3 Kg6 38. c4 Rf1+ 39. Ke2 Rg1 40. Kf3 Rc8 41. g3 fxg3 42. hxg3 Bg5 43. c5 a5 44. Bc2 Kg7 45. Ra7 Bd8 46. Ba4 Rf1+ 47. Ke4 Kf8 48. Bb5 Rg1 49. Kf3 Rd1 50. a4 Rxd3+ 51. Bxd3 Rxc5 52. Ra8 Ke7 53. Ra7+ Bc7 54. Bb5 Kf8 55. Ra8+ Kg7 56. Rc8 Rc3+ 57. Kg4 Bxe5 58. Rxc3 Bxc3 59. Kf4 Be1 60. Bc4 Kf6 61. Bd3 Bd2+ 62. Ke4 Kg5 63. Kf3 f5 64. Bb5 Be1 65. Bd7 e5 66. Bb5 Bb4 67. Be2 Be1 68. Bb5 e4+ 69. Kg2 f4 70. gxf4+ Kxf4 71. Kf1 Bb4 72. Be2 Kg3 73. Bh5 Bc5 74. Ke2 Kf4 75. Bg6 Bb6 76. Be8 e3 77. Bg6 Kg5 78. Be4 h5 79. Kf3 h4 80. Bd3 Bc5 81. Bf1 Kf5 82. Bh3+ Ke5 83. Ke2 Kf4 84. Bd7 Kg3 85. Kf1 Kh2 86. Bb5 h3 87. Be2 Kg3 88. Bb5 Bb4 89. Bc6 h2 90. Bb7 Kf4 91. Ke2 Bd2 92. Bc6 Bb4 93. Bb7 Be7 94. Bc6 Bh4 95. Bb7 Bf2 96. Bc6 Bg1 97. Bb7 Ke5 98. Kf1 Kd4 99. Ke2 Kc3 100. Bf3 Kb4 101. Bc6 h1Q 102. Bxh1 Kxa4 103. Kd3 Ka3 104. Kc2 Bf2 105. Bf3 Be1 106. Be2 Kb4 107. Kb2 Bc3+ 108. Ka2 Be5 109. Kb1 Kc3 110. Kc1 a4 111. Bd1 a3 112. Kb1 Kd2 113. Bg4 e2 114. Bxe2 Kxe2 115. Ka2 Bd6 116. Kb3 Kd3 117. Ka2 Kc2 118. Ka1 Kb3 0-1

[Event "Coimbra op"]
[Site "Coimbra"]
[Date "2014.04.26"]
[Round "4"]
[White "Bray, Jose Manuel"]
[Black "Bolhari, Orfeh Iraj"]
[Result "0-1"]
[WhiteElo "1906"]
[BlackElo "2111"]
[PlyCount "114"]
[EventDate "2014.04.25"]
[EventType "swiss"]
[EventRounds "7"]
[EventCountry "POR"]
[SourceTitle "CBM 160 Extra"]
[Source "ChessBase"]
[SourceDate "2014.07.01"]
[SourceVersion "1"]
[SourceVersionDate "2014.07.01"]
[SourceQuality "1"]

1. e4 e5 2. Nf3 Nc6 3. Bb5 Nge7 4. 0-0 Ng6 5. c3 d6 6. d4 Bd7 7. d5 Nb8 8. Be2 Be7 9. Be3 0-0 10. c4 a5 11. Nc3 Na6 12. a3 f5 13. exf5 Bxf5 14. Nd2 Bg5 15. Nde4 Bf4 16. Bxf4 Nxf4 17. Ng3 Qg5 18. Bf3 Bd3 19. Be2 Nc5 20. Bxd3 Ncxd3 21. Rb1 h5 22. Nce4 Qg6 23. h4 Nc5 24. Ng5 a4 25. f3 Ra6 26. N3e4 Nfd3 27. Nxc5 Nxc5 28. Qe2 Rf4 29. g3 Rd4 30. Rbd1 Nb3 31. Rxd4 Nxd4 32. Qe4 Qxe4 33. fxe4 Rb6 34. Rf2 Rb3 35. Kg2 Re3 36. Ne6 c6 37. Rf8+ Kh7 38. Ng5+ Kg6 39. Rd8 Kf6 40. Rxd6+ Ke7 41. Rg6 Rb3 42. d6+ Kd7 43. c5 Rxb2+ 44. Kh3 Rd2 45. Rxg7+ Kc8 46. Nf7 Ne2 47. Rg8+ Kd7 48. Nxe5+ Ke6 49. Nf3 Rd3 50. Ng5+ Kf6 51. Rf8+ Ke5 52. Rf3 Ng1+ 53. Kg2 Nxf3 54. Nxf3+ Kxe4 55. Ng5+ Kd5 56. d7 Kxc5 57. Ne6+ Kc4 0-1

[Event "Coimbra op"]
[Site "Coimbra"]
[Date "2014.04.24"]
[Round "1"]
[White "Bolhari, Orfeh Iraj"]
[Black "Oliveira, Joao Andre CD"]
[Result "1-0"]
[WhiteElo "2111"]
[BlackElo "1554"]
[PlyCount "49"]
[EventDate "2014.04.25"]
[EventType "swiss"]
[EventRounds "7"]
[EventCountry "POR"]
[SourceTitle "CBM 160 Extra"]
[Source "ChessBase"]
[SourceDate "2014.07.01"]
[SourceVersion "1"]
[SourceVersionDate "2014.07.01"]
[SourceQuality "1"]

1. e4 b6 2. d4 Bb7 3. Bd3 e6 4. Nf3 Nc6 5. c3 d6 6. 0-0 Qd7 7. a4 g6 8. Re1 Bh6 9. Nbd2 0-0-0 10. b4 a5 11. Rb1 Bxd2 12. Bxd2 d5 13. exd5 exd5 14. Bb5 Qd6 15. Qc1 f6 16. Bf4 Qd7 17. bxa5 bxa5 18. Qb2 Re8 19. Qa3 Rxe1+ 20. Nxe1 Nge7 21. Nd3 Kd8 22. Qb2 Ke8 23. Nc5 Qc8 24. Bf1 Ba8 25. Na6 1-0

[Event "Barreiro op 2nd"]
[Site "Barreiro"]
[Date "2014.04.06"]
[Round "7"]
[White "Bolhari, Orfeh Iraj"]
[Black "Rocha, Sergio MC"]
[Result "0-1"]
[WhiteElo "2119"]
[BlackElo "2400"]
[PlyCount "80"]
[EventDate "2014.03.28"]
[EventType "swiss"]
[EventRounds "7"]
[EventCountry "POR"]
[SourceTitle "EXT 2018"]
[Source "ChessBase"]
[SourceDate "2017.10.13"]
[SourceVersion "1"]
[SourceVersionDate "2017.10.13"]
[SourceQuality "1"]

1. e4 c5 2. Nc3 Nc6 3. f4 e6 4. Nf3 a6 5. Be2 b5 6. 0-0 d6 7. d3 Qc7 8. Qe1 Nge7 9. Qf2 b4 10. Na4 g6 11. b3 Bg7 12. Bb2 Bxb2 13. Nxb2 0-0 14. Nc4 f6 15. Ne3 e5 16. f5 gxf5 17. exf5 Bxf5 18. Nh4 Be6 19. Bg4 Bxg4 20. Nxg4 f5 21. Nh6+ Kh8 22. g4 f4 23. Nf3 Ng8 24. Nf5 Nce7 25. N5h4 Qd7 26. g5 Nf5 27. Nxf5 Qxf5 28. Kh1 Ne7 29. Rg1 a5 30. Nd2 Qg6 31. Nc4 Nf5 32. a4 Qh5 33. Rg2 Rg8 34. Qe1 Rxg5 35. Rxg5 Qxg5 36. Qf2 Qh5 37. Re1 Rg8 38. Rg1 Ng3+ 39. Rxg3 Rxg3 40. Nxd6 Qd1+ 0-1

[Event "Barreiro op 2nd"]
[Site "Barreiro"]
[Date "2014.03.29"]
[Round "3"]
[White "Lopes, Jose Carlos"]
[Black "Bolhari, Orfeh Iraj"]
[Result "1/2-1/2"]
[WhiteElo "2010"]
[BlackElo "2119"]
[PlyCount "49"]
[EventDate "2014.03.28"]
[EventType "swiss"]
[EventRounds "7"]
[EventCountry "POR"]
[SourceTitle "EXT 2018"]
[Source "ChessBase"]
[SourceDate "2017.10.13"]
[SourceVersion "1"]
[SourceVersionDate "2017.10.13"]
[SourceQuality "1"]

1. d4 d5 2. Bg5 f6 3. Bf4 Nc6 4. Nf3 Bg4 5. c3 Qd7 6. Qa4 0-0-0 7. Nbd2 e5 8. dxe5 fxe5 9. Bg5 Be7 10. Bxe7 Ngxe7 11. e4 dxe4 12. Nxe4 Bxf3 13. gxf3 Qf5 14. Be2 Rd5 15. b4 Kb8 16. Nc5 Nd8 17. Rd1 Rxd1+ 18. Qxd1 Nf7 19. Bd3 Qh5 20. Be4 Nd6 21. Qd3 Nec8 22. Bxb7 Nxb7 23. Na6+ Ka8 24. Nxc7+ Kb8 25. Na6+ 1/2-1/2

[Event "St Joao da Madeira op 10th"]
[Site "Sao Joao da Madeira"]
[Date "2013.10.06"]
[Round "4.3"]
[White "Bolhari, Orfeh Iraj"]
[Black "Pires, Gustavo"]
[Result "1-0"]
[WhiteElo "2111"]
[BlackElo "2137"]
[PlyCount "71"]
[EventDate "2013.10.05"]
[EventType "swiss"]
[EventRounds "7"]
[EventCountry "POR"]
[SourceTitle "EXT 2015"]
[Source "ChessBase"]
[SourceDate "2014.11.20"]
[SourceVersion "1"]
[SourceVersionDate "2014.11.20"]
[SourceQuality "1"]

1. e4 c5 2. Nc3 e6 3. f4 d5 4. Nf3 Nf6 5. Bb5+ Bd7 6. Bxd7+ Qxd7 7. Ne5 Qc7 8. exd5 exd5 9. 0-0 Be7 10. Ng4 Qd7 11. Nxf6+ Bxf6 12. Qf3 Bd4+ 13. Kh1 Bxc3 14. Re1+ Kd8 15. dxc3 Nc6 16. Be3 Kc7 17. Bxc5 Rae8 18. Red1 Re4 19. c4 Rxc4 20. Rxd5 Qe6 21. Rad1 Re8 22. h3 Qe2 23. Qb3 Rd8 24. Bd6+ Kc8 25. R5d2 Qe4 26. Qg3 g6 27. c3 Qf5 28. b3 Re4 29. b4 Qe6 30. b5 Ne7 31. Qf2 b6 32. Be5 Re8 33. Qf3 f5 34. a4 Ng8 35. Rd6 Qa2 36. Qd3 1-0

[Event "POR-chT2 final"]
[Site "Matosinhos"]
[Date "2013.08.24"]
[Round "2.2"]
[White "Ferreira, Luis Pedro Oliveira"]
[Black "Bolhari, Orfeh Iraj"]
[Result "1/2-1/2"]
[WhiteElo "1990"]
[BlackElo "2130"]
[PlyCount "68"]
[EventDate "2013.08.24"]
[EventType "team-tourn"]
[EventRounds "3"]
[EventCountry "POR"]
[SourceTitle "EXT 2018"]
[Source "ChessBase"]
[SourceDate "2017.10.13"]
[SourceVersion "1"]
[SourceVersionDate "2017.10.13"]
[SourceQuality "1"]
[WhiteTeam "Mamede Diogo"]
[BlackTeam "Joao de Meira"]
[WhiteTeamCountry "POR"]
[BlackTeamCountry "POR"]

1. e4 e5 2. Nf3 Nc6 3. Bc4 Bc5 4. 0-0 Nf6 5. d3 d6 6. c3 Bb6 7. h3 Qe7 8. Be3 h6 9. Nbd2 0-0 10. Re1 Bxe3 11. fxe3 Be6 12. Bb3 Rad8 13. d4 d5 14. exd5 Bxd5 15. Bxd5 Nxd5 16. e4 Nf4 17. d5 Qc5+ 18. Kh2 Qf2 19. Rg1 Ne7 20. Qf1 Qxf1 21. Rgxf1 f6 22. Rad1 Nd3 23. b4 f5 24. c4 c6 25. dxc6 Nxc6 26. b5 Ne7 27. c5 Nxc5 28. Nxe5 fxe4 29. Ndc4 Rxf1 30. Rxd8+ Rf8 31. Rd2 Rf5 32. Rd8+ Rf8 33. Rd2 Rf5 34. Rd8+ Rf8 1/2-1/2